Les contes d'Hoffmann

Titel: Les contes d'Hoffmann : fantastische Oper in fünf Akten ; Textbuch französisch/deutsch = Hoffmanns Erzählungen / Jacques Offenbach. Libretto nach dem gleichnamigen Drama von Jules Barbier und Michel Carré. Übers. und hrsg. von Josef Heinzelmann
Verfasser:
Beteiligt: ;
Veröffentlicht: Stuttgart : Reclam, 2005
Umfang: 245 S. ; 15 cm
Format: Buch
Sprache: Französisch; Deutsch
Schriftenreihe/
mehrbändiges Werk:
Universal-Bibliothek ; Nr. 18329
Einheitssachtitel: ˜Lesœ contes d'Hoffmann <Libretto>
Schlagworte:
ISBN: 3150183294
Buchumschlag
X
alg: 12947101
001A    $06000:07-07-05 
001B    $03004:06-03-18 $t10:34:17.000 
001D    $06000:07-07-05 
001U    $0utf8 
001X    $00 
002@    $0Aaxaf 
003@    $0129471011 
003O    $076583158 $aOCoLC 
004A    $03-15-018329-4 $fkart. : EUR 5.60, sfr 10.80 
004K    $09783150183298 
006G    $0972847693 
006T    $004,N52,1416 
006U    $005,A29,1255 $f20041125 
007A    $0972847693 $aDNB 
007T    $0HMDK051578 
010@    $afre $ager 
011@    $a2005 $n2005 
015@    $00 
017A    $asf 
021A    $aLes @contes d'Hoffmann $dfantastische Oper in fünf Akten ; Textbuch französisch/deutsch $fHoffmanns Erzählungen $hJacques Offenbach. Libretto nach dem gleichnamigen Drama von Jules Barbier und Michel Carré. Übers. und hrsg. von Josef Heinzelmann 
022A    $#Barbier, Jules $#087649829 $71150180897 $8Barbier, Jules$Z1825-1901 [Tp1]$aLes @contes d'Hoffmann$gLibretto [Tu1] $9424612801 
028A    $#Offenbach, Jacques $#Offenbach, Jakob $#Offenbach, Jacques Jakob $#Offenbach, Jacob $#Offenbach, J. $#Offenbach $#Eberts, Jakob $#Eberts, Jacques $#Eberscht, Jakob $#Levy, Jacques $#Offenbach, Jaques $#Offenbach, Giacomo $#Eberst, Jakob $#Eberscht, Jakob $#Offenbach, Julius $#Offenbach $#Offenbach, J. $#Оффенбах, Жак $#Όφφενμπαχ, Ζακ $7118589598 $8Offenbach, Jacques$Z1819-1880 [Tp1] $9086930591 
028C    $BHrsg. $RHeinzelmann, Wilhelm $RHöpfl, Sabine $RTer Beck, Barbara $7134402138 $8Heinzelmann, Josef$Z1936-2010 [Tp1] $9200430335 
028C/01 $#Barbier, Paul-Jules $#Barbier, Paul Jules $#Barbier, P. Jules $#Barbier, P.-J. $#Barbier, Julius $#Barbier, J. $#Barbier, Giulio $#Barbier, Michel $#Barber, Jules $#Barbier, Jules Paul $#Barbier, Paul-Jules $#Barbier, Julius $#Barber, Jules $7119309998 $8Barbier, Jules$Z1825-1901 [Tp1] $9087649829 
033A    $pStuttgart $nReclam 
034D    $a245 S. 
034I    $a15 cm 
036E    $aUniversal-Bibliothek $lNr. 18329 
036F    $x518329 $8Reclams Universal-Bibliothek $9186182619 $lNr. 18329 
037A    $aLiteraturverz. S. 217 - 219 
044K    $RBarbier, Jules $R424612801 $RHoffmann, E. T. A. $R086740652 $RHoffmann, E. T. A. $R088959554 $RHoffmann, E. T. A. $R08600171X $RHoffmann, E. T. A. $R086810901 $#The @tales of Hoffmann $#Hoffmanns Erzählungen $#Offenbach, Jacques $#086930591 $#Barbier, Jules $#087649829 $7300115350 $8Offenbach, Jacques$Z1819-1880 [Tp1]$aLes @contes d'Hoffmann [Tu1] $9298813661 
045E    $c780 

lok: 12947101 24

exp: 12947101 24 1 #EPN
201B/01 $006-03-18 $t10:34:17.000 
201C/01 $005-03-18 
201U/01 $0utf8 
203@/01 $0101877551X 
208@/01 $a06-03-18 $bz 
209A/01 $aMus 4291 $du $f050 $hMus 4291 $x00 
209C/01 $a18.01362 G $h18 01362 G 
209G/01 $a73750784 $x00 
220C/01 $ahae 
247C/01 $8358050-7 Marburg, Bibliothek des Herder-Instituts Marburg $9102600961 

lok: 12947101 77
101B    $025-06-14 $t18:54:09.000 
101U    $0utf8 
145Z/01 $aT 2 Offen 
145Z/02 $aN 413 

exp: 12947101 77 1 #EPN
201B/01 $003-02-25 $t14:40:25.000 
201U/01 $0utf8 
203@/01 $002011611X 
206W/01 $0HMDK051578 
208@/01 $a25-06-14 $br 
209A/01 $aT 2 Offen 005 $du $f000 $x00 
209B/01 $adat1 $x05 
209G/01 $a7700648612 $x00 
237A/01 $aSonderstandort Kompaktmagazin - bitte an der Theke erfragen 
247C/01 $8608078-9 Frankfurt, Main, Hochschule für Musik und Darstellende Kunst, Bibliothek $9321462173
LEADER 00000cam a22000002c 4500
001 129471011
003 DE-603
005 20180306103417.0
007 tu
008 050707s2005 xx |||| | u00||u|fre
015 |a 05,A29,1255  |z 04,N52,1416  |2 dnb 
016 7 |2 DE-101  |a 972847693 
020 |a 3150183294  |c kart. : EUR 5.60, sfr 10.80 
024 3 |a 9783150183298 
035 |a (DE-599)DNB972847693 
035 |a (OCoLC)76583158 
040 |a DE-603  |b ger  |c DE-603  |d DE-603 
041 |a fre  |a ger 
084 |a 780  |q DE-101  |2 sdnb 
090 |a b 
100 1 |a Offenbach, Jacques  |d 1819-1880  |0 (DE-603)086930591  |0 (DE-588)118589598  |2 gnd 
240 1 0 |a ˜Lesœ contes d'Hoffmann  |g Libretto  |0 (DE-603)424612801  |0 (DE-588)119309998  |2 gnd 
245 0 0 |a ˜Lesœ contes d'Hoffmann  |b fantastische Oper in fünf Akten ; Textbuch französisch/deutsch = Hoffmanns Erzählungen  |c Jacques Offenbach. Libretto nach dem gleichnamigen Drama von Jules Barbier und Michel Carré. Übers. und hrsg. von Josef Heinzelmann 
264 1 |a Stuttgart  |b Reclam  |c 2005 
300 |a 245 S.  |c 15 cm 
490 1 |a Universal-Bibliothek  |v Nr. 18329 
500 |a Literaturverz. S. 217 - 219 
600 1 7 |a Offenbach, Jacques  |d 1819-1880  |t ˜Lesœ contes d'Hoffmann  |0 (DE-588)300115350  |0 (DE-603)298813661  |2 gnd 
700 1 |a Heinzelmann, Josef  |d 1936-2010  |e Hrsg.  |4 edt  |0 (DE-603)200430335  |0 (DE-588)134402138  |2 gnd 
700 1 |a Barbier, Jules  |d 1825-1901  |0 (DE-603)087649829  |0 (DE-588)119309998  |2 gnd 
830 0 |t Reclams Universal-Bibliothek  |v Nr. 18329  |w (DE-603)186182619  |w (DE-600)134899-1  |9 518329  |7 as 
924 0 |9 Mb 50  |a (DE-603)101877551X  |b DE-Mb50  |c HES  |d c  |g Mus 4291 
924 0 |9 F 78  |a (DE-603)02011611X  |b DE-F78  |c HES  |d d  |g T 2 Offen 005